|
|
|
|
| LEADER |
01272nam a2200217 a 4500 |
| 001 |
GR-MES16462 |
| 008 |
140513s19uu gr 000 0 gre d |
| 040 |
|
|
|a GrPaTEI
|b gre
|c GR-PaULI
|
| 040 |
|
|
|a GrPaTEI
|b gre
|c GR-PaULI
|
| 082 |
|
0 |
|a 343.495 043
|2 21
|
| 100 |
1 |
|
|a Σελλάς, Στέφανος Μιχ.
|
| 245 |
1 |
3 |
|a Το ελληνικό φορολογικό σύστημα :
|b συνοπτική ανάλυση της ισχύουσας φορολογικής νομοθεσίας κατα κατηγορίες φόρων κ.λ.π.: ολοκληρωμένη παρουσίαση του ισύοντος φορολογικού μας συστήματος /
|c Σ'τέφανος Μιχ. Σελλάς.
|
| 260 |
|
|
|a Αθήνα :
|b Παπαζήση,
|c [19--]
|
| 300 |
|
|
|a 485 σ. :
|b πίν.
|
| 504 |
|
|
|a Βιβλιογραφία: σ. 481-485
|
| 650 |
|
4 |
|a Φορολογία
|z Ελλάς
|
| 650 |
|
4 |
|a Φορολογία
|z Ελλάς
|x Δίκαιο και νομοθεσία
|
| 942 |
|
|
|2 ddc
|
| 952 |
|
|
|0 0
|1 0
|2 ddc
|4 0
|6 343_495000000000000_043_ΣΕΛ
|7 0
|9 274461
|a MSLG
|b MSLG
|c BSC
|d 2021-01-17
|e 24
|f 1
|g 0.00
|l 0
|o 343.495 043 ΣΕΛ
|p 2420000024583
|r 2021-01-17 00:00:00
|t 1
|w 2021-01-17
|y BK15
|x 20140513 0 ΧΑΣΑΝΗ 1
|x GrPaTEI
|
| 971 |
|
|
|a .b25825112
|b 16-04-20
|c 13-09-16
|
| 999 |
|
|
|c 158812
|d 158812
|